<?xml version="1.0" encoding="UTF-8"?>
<marc:record xmlns:marc="http://www.loc.gov/MARC21/slim">
   <marc:leader>00000nam a2200000 a 4500</marc:leader>
   <marc:datafield ind1=" " ind2=" " tag="653">
      <marc:subfield code="a">Wohnen</marc:subfield>
   </marc:datafield>
   <marc:datafield ind1=" " ind2=" " tag="653">
      <marc:subfield code="a">schön</marc:subfield>
   </marc:datafield>
   <marc:datafield ind1=" " ind2=" " tag="653">
      <marc:subfield code="a">Wohlfühlen</marc:subfield>
   </marc:datafield>
   <marc:datafield ind1=" " ind2=" " tag="653">
      <marc:subfield code="a">Wohnen in der Natur</marc:subfield>
   </marc:datafield>
   <marc:datafield ind1=" " ind2=" " tag="653">
      <marc:subfield code="a">Dach</marc:subfield>
   </marc:datafield>
   <marc:datafield ind1="0" ind2="0" tag="245">
      <marc:subfield code="a">Dachausbau</marc:subfield>
   </marc:datafield>
   <marc:datafield ind1=" " ind2="1" tag="264">
      <marc:subfield code="b">Blottner</marc:subfield>
   </marc:datafield>
   <marc:datafield ind1="1" ind2=" " tag="520">
      <marc:subfield code="a">Alte Dachböden strahlen einen gewissen Charme aus und verlocken zur besseren Nutzung. Kein Wunder also, dass der Ausbau des Dachgeschosses einer der häufigsten Modernisierungs- und Ausbaumaßnahmen ist. Denn besonders hier lässt sich preiswert wertvolle Wohnfläche schaffen: mit überschaubaren Kosten und einem berechenbaren Aufwand. Ob Sie nun für eine Wohnug im Ein- oder Zweifamilienhaus zusätzliche Räume gewinnen oder ungenutzten Dachboden zu einer Wohnung ausbauen möchten - Wohnen unterm Dach ist platzschaffend, rentabel, hell und attraktiv.</marc:subfield>
   </marc:datafield>
   <marc:datafield ind1=" " ind2=" " tag="020">
      <marc:subfield code="a">9783893676507</marc:subfield>
      <marc:subfield code="9">9783893676507</marc:subfield>
   </marc:datafield>
</marc:record>
